Houston Rockets 20 Points Per Game Players - Statistics

General Stats
  • This quiz has been taken 175 times
    11 since last reset
  • The average score is 10 of 21
Answer Stats
# Players Last % Correct
13 Hakeem Olajuwon 1997
100%
8 James Harden 2020
100%
2 Alperen Sengun 2026
89%
1 Kevin Durant 2026
89%
4 Tracy McGrady 2008
89%
3 Yao Ming 2008
89%
2 Jalen Green 2025
67%
1 Russell Westbrook 2020
67%
4 Moses Malone 1982
56%
2 Ralph Sampson 1985
56%
3 Rudy Tomjanovich 1977
56%
2 Steve Francis 2003
56%
5 Calvin Murphy 1980
33%
4 Elvin Hayes 1972
33%
1 John Wall 2021
22%
1 Christian Wood 2021
11%
1 Cuttino Mobley 2002
11%
1 Kevin Martin 2011
11%
1 Don Kojis 1969
0%
1 John Block 1968
0%
1 Stu Lantz 1971
0%
No matching quizzes found
Score Distribution
Percent of People with Each Score
Percentile by Number Answered
Your Score History
You have not taken this quiz since the last reset